| 000 | 01091ngm a2200277 a 4500 | ||
|---|---|---|---|
| 005 | 20220317001433.0 | ||
| 008 | 161108s1994 ck g 000 0 s | ||
| 082 | 0 | 4 |
_a525 _bD37c |
| 110 |
_aDiscovery Channel Video (Estados Unidos) _972925 |
||
| 245 | 0 | 0 |
_aColisiones cósmicas _bla tierra _cDiscovery Communications _hvideodisco digital |
| 250 | _a1a. edición | ||
| 300 |
_a1 DVD (46 minutos) _bsonido, color, digital _c12 cm |
||
| 490 | _aDiscovery en la escuela | ||
| 520 | _aUn espectacular viaje a través de los impactos y explosiones que han estremecido nuestro planeta, las galaxias y el universo | ||
| 650 | 1 | 4 |
_2LEMB _aColisiones Espaciales _vVideodiscos |
| 650 | 1 | 4 |
_2LEMB _aTierra (Planeta) _vVideodiscos |
| 650 | 1 | 4 |
_2LEMB _aAstronomia _vVideodiscos |
| 700 | 1 | 0 |
_aCarpenter, Katherine _eprologo _972927 |
| 700 | 1 | 0 |
_aCowling, Tian _eprologo _972928 |
| 942 |
_2ddc _cDVD |
||
| 264 |
_aBogotá _bMS Tv & Videos _c1994 |
||
| 336 |
_atexto _btxt _2rdacontent |
||
| 337 |
_asin mediación _bn _2rdamedia |
||
| 338 |
_avolumen _bnc _2rdacarrier |
||
| 040 |
_aCO-BoRNBP _bspa _erda _cCO-BoRNBP |
||
| 999 |
_c6977 _d6977 |
||